000 00951nam a2200289 i 4500
003 DO-SdBNP
005 20250506114521.0
007 ta
008 250429b2024 sp ||||| |||| 00| 0 spa d
020 _a9788412897180
040 _aDO-SdBNP
_bspa
_cBNPHU
_erda
041 _aspa
082 4 _a0
_bI32i
_222
100 _aImbert Brugal, Carmen,
_d1955-
_4aut.
_916402
_eautor
245 1 3 _aEl imposible perdón /
_cCarmen Imbert Brugal.
250 _aPrimera edición
264 4 _aEspaña :
_bHuerga y Fierro Editores,
_c©2024.
300 _a166 páginas ;
_e22 cm.
336 _atexto
_btxt
_2rdacontent
337 _asin mediación
_bn
_2rdamedia
338 _avolumen
_bnc
_2rdacarrier
490 _aNarrativa
505 _aAhora y antes -- Sigue el ahora y otros antes -- Aquella madrugada o el paréntesis Rubén -- El acoso -- La mejoría antes de --Ahora, ahora.
590 _aInventariado, 2025 /LP
910 _aLP
942 _2ddc
_cLBS1
999 _c58450
_d58450